000 00540cam a22002052a 4500
001 024233
003 AR-FADEU
008 311216n2014####xxu####################dd
020 _a978-950-894-975-2
092 _a327
_bS237
100 _aSantoro, Emilio
245 _aDerecho y derechos : el Estado de derecho en la era de la globalización
260 _aBuenos Aires
260 _bAd-Hoc
260 _c2014
300 _a438 p
440 _aDerecho, estado y sociedad
_n8
650 _aSOCIOLOGIA; GLOBALIZACION
942 _cBDGR
999 _c29922
_d29922